000 00555nam a2200169 4500
999 _c17482
_d17482
008 221025b ||||| |||| 00| 0 eng d
020 _a9786214181230
082 _22020
_aDFil 364
_bM319
100 _aManwong, Rommel K.
_946501
245 _aFundamentals of criminology /
_cRommel K. Manwong.
250 _aFifth edition.
260 _aQuezon City :
_bWiseman's Books Trading, Inc.,
_c©2020.
300 _axi, 384 pages :
_billustrations ;
_c22 cm.
500 _aIncludes bibliographical references.
650 _aCrime.
_946502
942 _2ddc
_cDFIL